000 00474nam a2200193Ia 4500
005 20240823054525.0
008 240823s9999||||xx |||||||||||||| ||und||
020 _a978-81-317-6500-5
041 _aENGLISH
082 _A658.15 Q2
100 _aSheeba Kapil
245 0 _aFinancial Management
250 _a1st
260 _c2012
_bPearson Education Internat
500 _aYES
650 _afinancial Management
_bManagement Studies
942 _cBK
999 _c226651
_d226651